000 00786pam a2200229 4500
001 2234
005 20181127164806.0
008 940518s1994 nyua b 001 0 eng
010 _a 94020571
020 _a0887306713
043 _an-us---
100 1 _aCollins, James C.
_q(James Charles),
_d1958-
245 1 0 _aBuilt to last :
_bsuccessful habits of visionary companies /
_cJames C. Collins, Jerry I. Porras.
250 _a1st ed.
260 _aNew York :
_bHarperBusiness,
_cc1994.
300 _axi, 342 p. :
_bill. ;
_c24 cm.
504 _aIncludes bibliographical references (p. 287-315) and index.
650 0 _aEntrepreneurship
_zUnited States.
650 0 _aIndustrial management
_zUnited States.
650 0 _aSuccess in business
_zUnited States.
700 1 _aPorras, Jerry I.
999 _c1771
_d1771